[Event "Oberliga Ost-A 0304"]
[Site "Germany"]
[Date "2003.11.02"]
[Round "1.2"]
[White "Kapischka, Jens"]
[Black "Gaponenko, Inna"]
[Result "1-0"]
[WhiteElo "2251"]
[BlackElo "2409"]
[PlyCount "75"]
[EventDate "2003.11.02"]
[EventType "team-tourn"]
[EventRounds "11"]
[EventCountry "GER"]
[SourceTitle "EXT 2005"]
[Source "ChessBase"]
[SourceDate "2004.11.15"]
[SourceVersion "1"]
[SourceVersionDate "2004.11.15"]
[SourceQuality "1"]
[WhiteTeam "Magdeburg USC"]
[BlackTeam "Aue Nickelhuette"]
[WhiteTeamCountry "GER"]
[BlackTeamCountry "GER"]

1. Nf3 Nf6 2. g3 b6 3. d3 e6 4. e4 d5 5. e5 Nfd7 6. Bg2 c5 7. 0-0 Qc7 8. Re1 Nc6 9. Bf4 h6 10. h4 Be7 11. Nbd2 Bb7 12. Nf1 0-0-0 13. N1h2 Rdg8 14. Ng4 g5 15. hxg5 hxg5 16. Bd2 Rh5 17. c3 Rgh8 18. b4 d4 19. Qe2 dxc3 20. Bxc3 cxb4 21. Bb2 Bc5 22. Rac1 f5 23. Ngh2 Kb8 24. d4 Bxd4 25. Nxd4 Rxh2 26. Nxc6+ Bxc6 27. Bxc6 g4 28. Qb5 a6 29. Qa4 Nc5 30. Rxc5 Qh7 31. Kf1 f4 32. Re4 Rxf2+ 33. Kxf2 Qh2+ 34. Ke1 Qxg3+ 35. Kd2 Qf2+ 36. Re2 Qxc5 37. Be4 f3 38. Qd7 1-0

[Event "BL2-Nord 0203"]
[Site "Germany"]
[Date "2003.03.30"]
[Round "9.4"]
[White "Kapischka, Jens"]
[Black "Boetzer, Detlef"]
[Result "1/2-1/2"]
[WhiteElo "2251"]
[BlackElo "2267"]
[PlyCount "21"]
[EventDate "2002.10.20"]
[EventType "team-tourn"]
[EventRounds "9"]
[EventCountry "GER"]
[SourceTitle "EXT 2004"]
[Source "ChessBase"]
[SourceDate "2003.11.25"]
[SourceVersion "1"]
[SourceVersionDate "2003.11.25"]
[SourceQuality "1"]
[WhiteTeam "Magdeburg USC"]
[BlackTeam "Berlin Rotation"]
[WhiteTeamCountry "GER"]
[BlackTeamCountry "GER"]

1. Nf3 Nf6 2. g3 d5 3. Bg2 c6 4. 0-0 Bg4 5. d3 Nbd7 6. Nbd2 e6 7. e4 Bc5 8. h3 Bxf3 9. Qxf3 0-0 10. Qe2 Qc7 11. Kh2 1/2-1/2

[Event "BL2-Nord 0203"]
[Site "Germany"]
[Date "2003.02.23"]
[Round "7.5"]
[White "Sarbok, Torsten"]
[Black "Kapischka, Jens"]
[Result "1/2-1/2"]
[WhiteElo "2337"]
[BlackElo "2251"]
[PlyCount "37"]
[EventDate "2002.10.20"]
[EventType "team-tourn"]
[EventRounds "9"]
[EventCountry "GER"]
[SourceTitle "EXT 2004"]
[Source "ChessBase"]
[SourceDate "2003.11.25"]
[SourceVersion "1"]
[SourceVersionDate "2003.11.25"]
[SourceQuality "1"]
[WhiteTeam "Koenig Tegel"]
[BlackTeam "Magdeburg USC"]
[WhiteTeamCountry "GER"]
[BlackTeamCountry "GER"]

1. e4 c5 2. Nc3 d6 3. f4 Nc6 4. Nf3 Nf6 5. Bb5 a6 6. Bxc6+ bxc6 7. d3 g6 8. e5 Nd5 9. Ne4 Bg7 10. h3 0-0 11. 0-0 Rb8 12. Qe1 f6 13. b3 Nb4 14. Qe2 Nd5 15. Bd2 Nb4 16. Be3 Nd5 17. Bd2 Nb4 18. Be3 Nd5 19. Bd2 1/2-1/2

[Event "BL2-Nord 0203"]
[Site "Germany"]
[Date "2003.01.12"]
[Round "4.4"]
[White "Kapischka, Jens"]
[Black "Westphal, Matthias"]
[Result "1/2-1/2"]
[WhiteElo "2251"]
[BlackElo "2266"]
[PlyCount "29"]
[EventDate "2002.10.20"]
[EventType "team-tourn"]
[EventRounds "9"]
[EventCountry "GER"]
[SourceTitle "EXT 2004"]
[Source "ChessBase"]
[SourceDate "2003.11.25"]
[SourceVersion "1"]
[SourceVersionDate "2003.11.25"]
[SourceQuality "1"]
[WhiteTeam "Magdeburg USC"]
[BlackTeam "Werder Bremen II"]
[WhiteTeamCountry "GER"]
[BlackTeamCountry "GER"]

1. Nf3 Nf6 2. g3 d5 3. Bg2 c6 4. 0-0 Bf5 5. d3 h6 6. Nbd2 e6 7. Qe1 Be7 8. e4 Bh7 9. Qe2 0-0 10. Re1 Na6 11. e5 Nd7 12. Nf1 c5 13. h4 Rc8 14. Bf4 Re8 15. h5 1/2-1/2

[Event "Oberliga Ost-A 0102"]
[Site "Germany"]
[Date "2002.03.17"]
[Round "9.3"]
[White "Spiegelberg, Olaf"]
[Black "Kapischka, Jens"]
[Result "1-0"]
[WhiteElo "2057"]
[BlackElo "2273"]
[PlyCount "65"]
[EventDate "2001.10.07"]
[EventType "team"]
[EventRounds "11"]
[EventCountry "GER"]
[SourceTitle "EXT 2003"]
[Source "ChessBase"]
[SourceDate "2002.11.25"]
[SourceVersion "1"]
[SourceVersionDate "2002.11.25"]
[SourceQuality "1"]
[WhiteTeam "Dresden BSW"]
[BlackTeam "Magdeburg USC II"]
[WhiteTeamCountry "GER"]
[BlackTeamCountry "GER"]

1. c4 Nf6 2. Nc3 g6 3. d4 Bg7 4. e4 d6 5. f3 0-0 6. Bg5 c5 7. d5 a6 8. Qd2 b6 9. Nge2 Nbd7 10. Ng3 Re8 11. Be2 Bb7 12. 0-0 Qc7 13. Rad1 Rad8 14. a4 Nf8 15. Bh6 Bh8 16. Kh1 e6 17. b3 exd5 18. cxd5 Qe7 19. f4 N6d7 20. Bc4 Bg7 21. Bxg7 Kxg7 22. e5 dxe5 23. f5 Qh4 24. Nce4 Nb8 25. fxg6 hxg6 26. Qf2 Qf4 27. Qe2 Qh4 28. Nf6 Qxf6 29. Rxf6 Kxf6 30. Rf1+ Kg7 31. Qg4 Bc8 32. Qg5 Nh7 33. Nh5+ 1-0

[Event "GER CupT 3rd place"]
[Site "Baden-Baden"]
[Date "2002.03.10"]
[Round "2.4"]
[White "Golubev, Mikhail"]
[Black "Kapischka, Jens"]
[Result "1-0"]
[WhiteElo "2531"]
[BlackElo "2273"]
[PlyCount "71"]
[EventDate "2002.03.08"]
[EventType "team"]
[EventRounds "2"]
[EventCountry "GER"]
[SourceTitle "CBM 088"]
[Source "ChessBase"]
[SourceDate "2002.03.21"]
[SourceVersion "1"]
[SourceVersionDate "2002.03.21"]
[SourceQuality "1"]
[WhiteTeam "Stuttgart"]
[BlackTeam "Magdeburg USC"]
[WhiteTeamCountry "GER"]
[BlackTeamCountry "GER"]

1. e4 c5 2. Nf3 d6 3. d4 cxd4 4. Nxd4 Nf6 5. Nc3 a6 6. Bc4 e6 7. Bb3 Be7 8. f4 Qc7 9. f5 e5 10. Nde2 Nbd7 11. Bg5 0-0 12. Bxf6 Nxf6 13. Nd5 Nxd5 14. Qxd5 Bd7 15. Nc3 Bc6 16. Qd3 Qb6 17. 0-0-0 a5 18. a4 Qc5 19. Kb1 Rab8 20. Bc4 Rfc8 21. Bb5 Bxb5 22. Nxb5 Qc4 23. b3 Qb4 24. Rhe1 Rc6 25. Re2 Rd8 26. Kb2 Qc5 27. Nc3 Rd7 28. Nd5 f6 29. h4 Bd8 30. g4 h6 31. Rg2 Rc8 32. c4 Rf7 33. Qh3 Rf8 34. Ka2 Kf7 35. g5 fxg5 36. hxg5 1-0

[Event "Oberliga Ost-A 0102"]
[Site "Germany"]
[Date "2002.02.24"]
[Round "8.3"]
[White "Kapischka, Jens"]
[Black "Zschiedrich, Heiko"]
[Result "1/2-1/2"]
[WhiteElo "2273"]
[BlackElo "2148"]
[PlyCount "48"]
[EventDate "2001.10.07"]
[EventType "team"]
[EventRounds "11"]
[EventCountry "GER"]
[SourceTitle "EXT 2003"]
[Source "ChessBase"]
[SourceDate "2002.11.25"]
[SourceVersion "1"]
[SourceVersionDate "2002.11.25"]
[SourceQuality "1"]
[WhiteTeam "Magdeburg USC II"]
[BlackTeam "Erfurt Empor"]
[WhiteTeamCountry "GER"]
[BlackTeamCountry "GER"]

1. Nf3 g6 2. g3 Bg7 3. Bg2 e5 4. d3 d5 5. 0-0 Ne7 6. e4 0-0 7. c3 a5 8. a4 Nbc6 9. Qb3 h6 10. exd5 Qxd5 11. Qxd5 Nxd5 12. Nbd2 Be6 13. Re1 Nb6 14. Ne4 Nd7 15. Be3 Rad8 16. Nc5 Nxc5 17. Bxc5 Rfe8 18. Bf1 b6 19. Be3 Re7 20. Nd2 Bf5 21. Ne4 Bc8 22. Nd2 Bf5 23. Ne4 Bc8 24. Nd2 Bf5 1/2-1/2

[Event "Oberliga Ost-A 0001"]
[Site "Germany"]
[Date "2001.04.29"]
[Round "11.2"]
[White "Kapischka, Jens"]
[Black "Hoepfl, Thomas"]
[Result "0-1"]
[WhiteElo "2279"]
[BlackElo "2256"]
[PlyCount "88"]
[EventDate "2000.10.15"]
[EventType "team"]
[EventRounds "11"]
[EventCountry "GER"]
[SourceTitle "EXT 2002"]
[Source "ChessBase"]
[SourceDate "2001.11.25"]
[SourceVersion "1"]
[SourceVersionDate "2001.11.25"]
[SourceQuality "1"]
[WhiteTeam "Magdeburg USC II"]
[BlackTeam "Halle USV"]
[WhiteTeamCountry "GER"]
[BlackTeamCountry "GER"]

1. Nf3 Nf6 2. g3 g6 3. Bg2 Bg7 4. 0-0 0-0 5. d3 d6 6. c4 e5 7. Nc3 Nc6 8. Rb1 a5 9. a3 Re8 10. Nd2 Ne7 11. Nd5 Nexd5 12. cxd5 a4 13. b4 axb3 14. Qxb3 Nd7 15. Bb2 Nc5 16. Qc2 Bd7 17. Ne4 Na4 18. Ba1 f5 19. Nd2 Nc5 20. Bb2 Qb8 21. Rfe1 Qa7 22. Bf1 Qa4 23. Qc3 Qa6 24. Qc2 Rac8 25. Nc4 Ba4 26. Qc3 Bb5 27. Qb4 Bxc4 28. dxc4 Qa4 29. e3 Ra8 30. Qd2 Ra6 31. Bc3 Ne4 32. Qc1 Qxa3 33. Bb2 Qc5 34. Ra1 Rea8 35. Qc2 Rxa1 36. Rxa1 Rxa1 37. Bxa1 Qa3 38. Bb2 Qa2 39. Qc1 Nxf2 40. c5 Ne4 41. cxd6 cxd6 42. Qc8+ Bf8 43. Qxb7 Qb1 44. Qb4 Qc2 0-1

[Event "Oberliga Ost-A 0001"]
[Site "Germany"]
[Date "2000.10.15"]
[Round "1.3"]
[White "Kapischka, Jens"]
[Black "Seidens, Udo"]
[Result "1/2-1/2"]
[WhiteElo "2279"]
[BlackElo "2233"]
[PlyCount "82"]
[EventDate "2000.10.15"]
[EventType "team"]
[EventRounds "11"]
[EventCountry "GER"]
[SourceTitle "EXT 2002"]
[Source "ChessBase"]
[SourceDate "2001.11.25"]
[SourceVersion "1"]
[SourceVersionDate "2001.11.25"]
[SourceQuality "1"]
[WhiteTeam "Magdeburg USC II"]
[BlackTeam "Liebschwitz"]
[WhiteTeamCountry "GER"]
[BlackTeamCountry "GER"]

1. Nf3 d5 2. g3 Nf6 3. Bg2 Bf5 4. 0-0 e6 5. d3 Be7 6. Nbd2 0-0 7. Qe1 Bg6 8. e4 Nbd7 9. Qe2 c6 10. e5 Ne8 11. Ne1 Qb6 12. Kh1 Nc7 13. f4 f5 14. c4 a5 15. Ndf3 Bh5 16. Be3 Qa6 17. Qc2 dxc4 18. dxc4 Nc5 19. Nd3 Ne4 20. Nf2 Rad8 21. Rad1 Nc5 22. Rxd8 Rxd8 23. Rd1 Rxd1+ 24. Nxd1 Nd5 25. Bd2 Nb4 26. Bxb4 axb4 27. b3 Ne4 28. Nf2 Nc3 29. a4 Qb6 30. Qd2 Ne4 31. Nxe4 fxe4 32. Nd4 e3 33. Qd3 Qd8 34. Be4 Bc5 35. Bxh7+ Kh8 36. Ne2 Bf3+ 37. Kg1 Qe8 38. Be4 Bxe4 39. Qxe4 Qd7 40. Qf3 g6 41. Qg4 Qd3 1/2-1/2

[Event "Bundesliga 9900"]
[Site "Germany"]
[Date "2000.01.29"]
[Round "8.7"]
[White "Wegener, Dirk"]
[Black "Kapischka, Jens"]
[Result "1/2-1/2"]
[WhiteElo "2312"]
[BlackElo "2275"]
[PlyCount "82"]
[EventDate "1999.10.09"]
[EventType "team-tourn"]
[EventRounds "15"]
[EventCountry "GER"]
[SourceTitle "CBM 074 Extra"]
[Source "ChessBase"]
[SourceDate "2000.03.10"]
[SourceVersion "2"]
[SourceVersionDate "2000.03.10"]
[SourceQuality "1"]
[WhiteTeam "Dresden"]
[BlackTeam "Magdeburg"]
[WhiteTeamCountry "GER"]
[BlackTeamCountry "GER"]

1. e4 c5 2. Nf3 d6 3. d4 cxd4 4. Nxd4 Nf6 5. Nc3 a6 6. Bg5 e6 7. f4 Nbd7 8. Qf3 Qc7 9. 0-0-0 b5 10. Bd3 b4 11. Nd5 exd5 12. exd5 Bb7 13. Nc6 Bxc6 14. dxc6 Nc5 15. Rhe1+ Kd8 16. Qd5 Ne6 17. Bxf6+ gxf6 18. Bf5 Ra7 19. Bxe6 fxe6 20. Rxe6 Be7 21. Rde1 Qb8 22. Qa5+ Qc7 23. Qxb4 Re8 24. Qc4 Qb6 25. R6e3 Qc5 26. Qe4 f5 27. Qf3 Rc7 28. Rc3 Qa5 29. a3 Rf8 30. Qe2 Qb5 31. Qe6 Re8 32. Kb1 Rxc6 33. Rb3 Qc5 34. Rb8+ Rc8 35. Rb7 Qxc2+ 36. Ka1 Rc7 37. Rb8+ Rc8 38. Rb7 Rc7 39. Rb8+ Rc8 40. Rb7 Rc7 41. Rb8+ Rc8 1/2-1/2

[Event "Oberliga Ost-A 9899"]
[Site "Germany"]
[Date "1999.??.??"]
[Round "?"]
[White "Kapischka, Jens"]
[Black "Fuhrmann, Daniel"]
[Result "1/2-1/2"]
[WhiteElo "2315"]
[BlackElo "2315"]
[PlyCount "98"]
[EventDate "1998.10.??"]
[EventType "team"]
[EventRounds "11"]
[EventCountry "GER"]
[SourceTitle "EXT 2000"]
[Source "ChessBase"]
[SourceDate "1999.11.16"]
[SourceVersion "1"]
[SourceVersionDate "1999.11.16"]
[SourceQuality "1"]

1. Nf3 d5 2. g3 Nf6 3. Bg2 e6 4. 0-0 Be7 5. d3 0-0 6. Nbd2 c5 7. e4 Nc6 8. Re1 Qc7 9. e5 Nd7 10. Qe2 b5 11. h4 a5 12. Nf1 Ba6 13. N1h2 b4 14. Bf4 Qd8 15. Ng5 Qe8 16. c3 Rc8 17. Rac1 Nb6 18. Bf1 a4 19. a3 bxa3 20. bxa3 c4 21. Qb2 Rb8 22. d4 h6 23. Ngf3 Nd7 24. Qc2 Rb3 25. Ra1 f6 26. exf6 Bxf6 27. Bd6 Rf7 28. Bh3 Nd8 29. Re3 Nf8 30. Rae1 Be7 31. Bc7 Bxa3 32. Bxd8 Qxd8 33. Bxe6 Nxe6 34. Rxe6 Bb5 35. Ne5 Rf6 36. Neg4 Rxe6 37. Rxe6 Be8 38. Qf5 Bf8 39. Ne5 a3 40. Ra6 Rb2 41. Nhg4 Rb6 42. Ra7 Qd6 43. Nf7 Qg6 44. Qxg6 Rxg6 45. Nfe5 Rb6 46. Ne3 Bb5 47. Ra5 Be8 48. Ra7 Bb5 49. Ra5 Be8 1/2-1/2

[Event "BL2-Ost 9798"]
[Site "Germany"]
[Date "1998.??.??"]
[Round "8.7"]
[White "Kapischka, Jens"]
[Black "Wichmann, Cliff"]
[Result "1/2-1/2"]
[WhiteElo "2315"]
[BlackElo "2230"]
[PlyCount "40"]
[EventDate "1997.10.??"]
[EventType "team-tourn"]
[EventRounds "9"]
[EventCountry "GER"]
[SourceTitle "EXT 1999"]
[Source "ChessBase"]
[SourceDate "1998.11.16"]
[SourceVersion "1"]
[SourceVersionDate "1998.11.16"]
[SourceQuality "1"]
[WhiteTeam "Magdeburg"]
[BlackTeam "Dresden II"]
[WhiteTeamCountry "GER"]
[BlackTeamCountry "GER"]

1. Nf3 d5 2. g3 Nf6 3. Bg2 c6 4. 0-0 g6 5. d3 Bg7 6. Nbd2 0-0 7. e4 Na6 8. e5 Ng4 9. Qe2 f6 10. d4 Bf5 11. h3 Nh6 12. c3 g5 13. g4 Bd7 14. Re1 Nc7 15. Nf1 Nf7 16. Ng3 Nh8 17. Nh5 Ng6 18. Qd3 Bh6 19. Bd2 Ne6 20. Re2 f5 1/2-1/2

[Event "BL2-Nord 9596"]
[Site "Germany"]
[Date "1996.??.??"]
[Round "?.4"]
[White "Giemsa, Stephan"]
[Black "Kapischka, Jens"]
[Result "1/2-1/2"]
[WhiteElo "2310"]
[BlackElo "2310"]
[PlyCount "64"]
[EventDate "1995.10.??"]
[EventType "team-tourn"]
[EventRounds "9"]
[EventCountry "GER"]
[SourceTitle "GER-chT2"]
[Source "ChessBase"]
[SourceDate "1999.07.01"]
[SourceVersion "1"]
[SourceVersionDate "1999.07.01"]
[SourceQuality "1"]
[WhiteTeam "Koenig Tegel"]
[BlackTeam "Magdeburg"]
[WhiteTeamCountry "GER"]
[BlackTeamCountry "GER"]

1. Nf3 d6 2. d4 Nf6 3. c4 g6 4. Nc3 Bg7 5. e4 0-0 6. Be2 e5 7. 0-0 Nbd7 8. Qc2 c6 9. d5 c5 10. a3 Ne8 11. b4 b6 12. Bd2 h6 13. Bd3 Nb8 14. bxc5 bxc5 15. g3 Bh3 16. Rfc1 f5 17. Nh4 Qf6 18. exf5 gxf5 19. Rab1 e4 20. Be2 Nd7 21. Ng2 Ne5 22. Nf4 Bg4 23. Bxg4 Nxg4 24. Rb7 Rf7 25. Rcb1 Rxb7 26. Rxb7 Qd4 27. Nd1 Ne5 28. Bc3 Qxc4 29. Kg2 Nf3 30. Qb2 Ne1+ 31. Kg1 Nf3+ 32. Kg2 Ne1+ 1/2-1/2

[Event "Bundesliga 9697"]
[Site "Germany"]
[Date "1996.??.??"]
[Round "?.7"]
[White "Heinatz, Thomas"]
[Black "Kapischka, Jens"]
[Result "1/2-1/2"]
[WhiteElo "2380"]
[BlackElo "2315"]
[PlyCount "83"]
[EventDate "1996.10.12"]
[EventType "team-tourn"]
[EventRounds "15"]
[EventCountry "GER"]
[SourceTitle "GER-chT"]
[Source "ChessBase"]
[SourceDate "1999.07.01"]
[SourceVersion "1"]
[SourceVersionDate "1999.07.01"]
[SourceQuality "1"]
[WhiteTeam "Dresden"]
[BlackTeam "Magdeburg"]
[WhiteTeamCountry "GER"]
[BlackTeamCountry "GER"]

1. e4 c5 2. Nf3 d6 3. d4 cxd4 4. Nxd4 Nf6 5. Nc3 a6 6. Bc4 e6 7. 0-0 Be7 8. Bb3 0-0 9. f4 Nc6 10. Be3 Qc7 11. f5 Nxd4 12. Bxd4 b5 13. a3 Rb8 14. Qd3 Bd7 15. fxe6 Bxe6 16. Qg3 Ne8 17. Nd5 Qd8 18. e5 Bxd5 19. Bxd5 dxe5 20. Bxe5 Rb6 21. Rad1 Qc8 22. Qb3 Nf6 23. Bf3 Re6 24. Bf4 g5 25. Bg3 g4 26. Bd5 Nxd5 27. Rxd5 Re2 28. Re1 Rxe1+ 29. Bxe1 Qe6 30. Bg3 Rc8 31. Qd3 Rxc2 32. Qxc2 Qxd5 33. Qc8+ Kg7 34. Qxg4+ Qg5 35. Be5+ Kg6 36. Qxg5+ Bxg5 37. Kf2 Kf5 38. Bc3 Ke4 39. Ke2 f5 40. Bh8 Be3 41. Bc3 Bg5 42. Bg7 1/2-1/2

[Event "BL2-Nord 9495"]
[Site "Germany"]
[Date "1995.??.??"]
[Round "4.6"]
[White "Bornemann, Wolfram"]
[Black "Kapischka, Jens"]
[Result "1/2-1/2"]
[WhiteElo "2265"]
[BlackElo "2290"]
[PlyCount "61"]
[EventDate "1994.10.??"]
[EventType "team-tourn"]
[EventRounds "9"]
[EventCountry "GER"]
[SourceTitle "GER-chT2"]
[Source "ChessBase"]
[SourceDate "1999.07.01"]
[SourceVersion "1"]
[SourceVersionDate "1999.07.01"]
[SourceQuality "1"]
[WhiteTeam "Lasker Steglitz"]
[BlackTeam "Magdeburg USC"]
[WhiteTeamCountry "GER"]
[BlackTeamCountry "GER"]

1. g3 g6 2. Bg2 Bg7 3. d3 d6 4. Nf3 e5 5. c4 f5 6. Nc3 Nf6 7. 0-0 0-0 8. Rb1 Nc6 9. Bg5 h6 10. Bxf6 Qxf6 11. Nd5 Qf7 12. b4 Be6 13. Nd2 Nd8 14. b5 a6 15. a4 axb5 16. axb5 Ra2 17. Nb4 Ra5 18. Qc2 Kh7 19. Nd5 c6 20. bxc6 bxc6 21. Nb4 Qd7 22. Ra1 Rxa1 23. Rxa1 c5 24. Nd5 Nc6 25. Qa4 Rb8 26. Nf6+ Bxf6 27. Bxc6 Qc7 28. Rb1 Bg5 29. Rxb8 Qxb8 30. Nb3 Bd8 31. Bd7 1/2-1/2

[Event "BL2-Nord 9495"]
[Site "Germany"]
[Date "1995.??.??"]
[Round "9.6"]
[White "Breutigam, Martin"]
[Black "Kapischka, Jens"]
[Result "1/2-1/2"]
[WhiteElo "2345"]
[BlackElo "2290"]
[PlyCount "121"]
[EventDate "1994.10.??"]
[EventType "team-tourn"]
[EventRounds "9"]
[EventCountry "GER"]
[SourceTitle "GER-chT2"]
[Source "ChessBase"]
[SourceDate "1999.07.01"]
[SourceVersion "1"]
[SourceVersionDate "1999.07.01"]
[SourceQuality "1"]
[WhiteTeam "Delmenhorst"]
[BlackTeam "Magdeburg USC"]
[WhiteTeamCountry "GER"]
[BlackTeamCountry "GER"]

1. d4 Nf6 2. c4 g6 3. Nc3 Bg7 4. Nf3 0-0 5. e3 d6 6. Be2 Nbd7 7. b3 c6 8. Bb2 Re8 9. Qc2 e5 10. h3 Qe7 11. 0-0-0 e4 12. Nd2 Nf8 13. g4 g5 14. h4 h6 15. hxg5 hxg5 16. Rdg1 Ng6 17. Rh5 Nxh5 18. gxh5 Nh4 19. Ncxe4 Bf5 20. Bd3 f6 21. Ng3 Bxd3 22. Qxd3 d5 23. Ndf1 Rac8 24. Kb1 Bh6 25. Nf5 Nxf5 26. Qxf5 Qe4+ 27. Qxe4 Rxe4 28. Ng3 Re7 29. Nf5 Rh7 30. f3 Bf8 31. Rh1 Kf7 32. Kc2 Ke6 33. e4 Bd6 34. Bc1 Rch8 35. Kd3 Bf8 36. Ng3 Bd6 37. Nf5 Bf8 38. Ng3 Kd7 39. c5 b6 40. b4 bxc5 41. dxc5 dxe4+ 42. fxe4 Be7 43. Kc4 Bd8 44. Rd1+ Kc8 45. Bb2 Bc7 46. Nf5 Rxh5 47. Bxf6 Re8 48. e5 Rh3 49. b5 Rf3 50. Nd6+ Bxd6 51. cxd6 cxb5+ 52. Kd5 Kd7 53. Bxg5 Rf5 54. Bf6 Re6 55. Rh1 Rexf6 56. Rh7+ Ke8 57. Rxa7 Rh6 58. Ra8+ Kd7 59. Ra7+ Ke8 60. Ra8+ Kd7 61. Ra7+ 1/2-1/2

[Event "BL2-Nord 9495"]
[Site "Germany"]
[Date "1995.??.??"]
[Round "5.5"]
[White "Jaehnisch, Frank"]
[Black "Kapischka, Jens"]
[Result "1/2-1/2"]
[WhiteElo "2255"]
[BlackElo "2290"]
[PlyCount "49"]
[EventDate "1994.10.??"]
[EventType "team-tourn"]
[EventRounds "9"]
[EventCountry "GER"]
[SourceTitle "GER-chT2"]
[Source "ChessBase"]
[SourceDate "1999.07.01"]
[SourceVersion "1"]
[SourceVersionDate "1999.07.01"]
[SourceQuality "1"]
[WhiteTeam "Koenig Tegel"]
[BlackTeam "Magdeburg USC"]
[WhiteTeamCountry "GER"]
[BlackTeamCountry "GER"]

1. Nf3 Nf6 2. c4 g6 3. Nc3 Bg7 4. g3 0-0 5. Bg2 d6 6. 0-0 e5 7. b4 Nh5 8. e4 Be6 9. d3 h6 10. h3 a5 11. b5 Kh7 12. Ba3 Nd7 13. Na4 b6 14. Qe2 Qe8 15. Rad1 f5 16. Nc3 Bg8 17. d4 f4 18. g4 Nhf6 19. dxe5 Nxe5 20. Nxe5 Qxe5 21. Nd5 Bxd5 22. cxd5 Nd7 23. Qd3 Qg5 24. f3 h5 25. Qc2 1/2-1/2